-
HIRAMETH, SUSHMITAAND GHARGE, SHANKAR
Entry Personal Name
Number of records used in: 1
001 - CONTROL NUMBER
003 - CONTROL NUMBER IDENTIFIER
005 - DATE AND TIME OF LATEST TRANSACTION
- control field:
20251125095128.0
008 - FIXED-LENGTH DATA ELEMENTS
- fixed length control field:
251125|| aca||aabn | a|a d
040 ## - CATALOGING SOURCE
- Original cataloging agency:
JRU
- Transcribing agency:
JRU
100 ## - HEADING--PERSONAL NAME
- Personal name:
HIRAMETH, SUSHMITAAND GHARGE, SHANKAR
670 ## - SOURCE DATA FOUND
- Source citation:
Work cat.: (JRU)8992: HIRAMETH, SUSHMITAAND GHARGE, SHANKAR, PREPARATION OF INORGANIC , ORGANIC AND MEDICINAL COMPOUNDS FOR PHARMACY STUDENTS , 2024